| 000 | 00451nam a2200181Ia 4500 | ||
|---|---|---|---|
| 005 | 20250423094611.0 | ||
| 008 | 250422s9999 xx 000 0 und d | ||
| 020 | _a9781032370972 | ||
| 050 | _aQD 281 .P6 .B56/ | ||
| 100 | _aEdited by Singhania, Reeta Rani et.al. | ||
| 245 | 0 | _aBiomass Hydrolyzing Enzymes | |
| 260 | _aBoca Raton | ||
| 260 | _bCRC | ||
| 260 | _c2023 | ||
| 300 | _a330 p | ||
| 650 | _aBiomass energy Hydrolysis | ||
| 942 | _cBK | ||
| 999 |
_c27727 _d27727 |
||